000
00254nam a2200097Ia 4500
005
20251222114402.0
008
251222s1900||||xx |||||||||||||| ||spa||
082
_a
DVD0050/B78/2000
245
0
_a
Los expedientes X la pelĂcula.:The x files movie
942
_c
DVD
999
_c
1692
_d
1692